000
00310nam a2200109 4500
999
_c
9871
_d
9871
008
180720b ||||| |||| 00| 0 eng d
245
_a
Geology, biodiversity lessons at El Nido resorts.
260
_a
Philippines
_b
The Philippine Star
_c
c2017
300
_a
page D3.
650
0
_9
29189
_a
Tourism.
942
_2
ddc
_c
PER